00926nam a2200277 a 4500001001000000003000900010005001700019007000300036008004100039020001300080040002500093082001400118100002300132240003400155245009400189260003000283300003500313500004200348500003400390590002800424700005000452910000700502942001400509952011000523999001500633000003509DO-SdBNP20220831100348.0ta090709s1999 sp ac r 000 0 spa d a8489846x aDO-SdBNPbspacBNPHU 4bD278s2221 aBirkett Dea91089010aSerpent in ParadiselInglés13aLa serpiente en el paraíso /cDea Birkett ; traducción José Manuel de Prada Samper. aBarcelona :bAlba,c1999. a413 p. :bil., retr. ;c22 cm. aIncluye notas al pie de las páginas aTraducido del idioma inglés aInventariado, 2022 / DG1 aPrada Samper, José Manuel de,etrad.910891 aDG 2ddccLBS1 00102ddc56708PDaBNPHUbBNPHUcCTd2010-03-23oBNPHU PD D278sp3509-10r2020-06-25w2020-06-25yLBS1 c3336d3336